<?xml version="1.0" encoding="UTF-8"?>
<record
    xmlns:xsi="http://www.w3.org/2001/XMLSchema-instance"
    xsi:schemaLocation="http://www.loc.gov/MARC21/slim http://www.loc.gov/standards/marcxml/schema/MARC21slim.xsd"
    xmlns="http://www.loc.gov/MARC21/slim">

  <leader>01548nam a22002657i 4500</leader>
  <datafield tag="999" ind1=" " ind2=" ">
    <subfield code="c">174034</subfield>
    <subfield code="d">174034</subfield>
  </datafield>
  <controlfield tag="003">PPAK</controlfield>
  <controlfield tag="005">20190827152821.0</controlfield>
  <controlfield tag="008">190827s2019    my ao  e     o000 0beng d</controlfield>
  <datafield tag="020" ind1=" " ind2=" ">
    <subfield code="a">9789674406172</subfield>
    <subfield code="c">RM38.00</subfield>
    <subfield code="q">paperback</subfield>
  </datafield>
  <datafield tag="040" ind1=" " ind2=" ">
    <subfield code="a">PPAK</subfield>
    <subfield code="b">eng</subfield>
    <subfield code="c">PPAK</subfield>
    <subfield code="e">rda</subfield>
  </datafield>
  <datafield tag="082" ind1="0" ind2="4">
    <subfield code="2">23</subfield>
    <subfield code="a">362.196994440092</subfield>
  </datafield>
  <datafield tag="090" ind1="0" ind2="0">
    <subfield code="a">362.196994440092</subfield>
    <subfield code="b">JAN</subfield>
    <subfield code="d">G</subfield>
  </datafield>
  <datafield tag="100" ind1="0" ind2=" ">
    <subfield code="a">Janatul Islah Mohammad, </subfield>
    <subfield code="c">Prof., Dr.,</subfield>
    <subfield code="e">author.</subfield>
  </datafield>
  <datafield tag="245" ind1="1" ind2="0">
    <subfield code="a">My Lost Butterfly /</subfield>
    <subfield code="c">Janatul Islah Mohammad</subfield>
  </datafield>
  <datafield tag="264" ind1=" " ind2="1">
    <subfield code="a">Nilai, Negeri Sembilan : </subfield>
    <subfield code="b">PENERBIT USIM, Universiti Sains Islam Malaysia, </subfield>
    <subfield code="c">[2019]</subfield>
  </datafield>
  <datafield tag="300" ind1=" " ind2=" ">
    <subfield code="a">xvi, 164 pages :</subfield>
    <subfield code="b">illustrations, photographs ;</subfield>
    <subfield code="c">21 cm</subfield>
  </datafield>
  <datafield tag="336" ind1=" " ind2=" ">
    <subfield code="2">rdacontent</subfield>
    <subfield code="a">text</subfield>
  </datafield>
  <datafield tag="337" ind1=" " ind2=" ">
    <subfield code="2">rdamedia</subfield>
    <subfield code="a">unmediated</subfield>
  </datafield>
  <datafield tag="338" ind1=" " ind2=" ">
    <subfield code="2">rdacarrier</subfield>
    <subfield code="a">volume</subfield>
  </datafield>
  <datafield tag="520" ind1=" " ind2=" ">
    <subfield code="a">This book brings readers together with the author, unveiling physical, emotional, and spiritual roller coasters of a thyroid carcinoma fighter. The author has written her unexpected greatest test in her life with a thoughtful, passionate, yet well-explained description of what thyroid cancer is, through her use of plain words for layman readers, or otherwise explained more in details in the glossary section of this book. This book will give great benefit for the general public to enhance their knowledge on thyroid cancer as newly-diagnosed patients, caregivers, their families, and friends.</subfield>
  </datafield>
  <datafield tag="600" ind1="0" ind2=" ">
    <subfield code="a">Janatul Islah Mohammad,</subfield>
    <subfield code="v">Anecdotes</subfield>
  </datafield>
  <datafield tag="650" ind1="1" ind2="0">
    <subfield code="a">Thyroid gland </subfield>
    <subfield code="v">Cancer</subfield>
    <subfield code="x">Patients</subfield>
    <subfield code="x">Biography</subfield>
    <subfield code="x">Anecdotes</subfield>
    <subfield code="z">Malaysia</subfield>
  </datafield>
  <datafield tag="650" ind1="2" ind2="0">
    <subfield code="a">Thyroid gland </subfield>
    <subfield code="v">Cancer</subfield>
    <subfield code="x">Biography</subfield>
    <subfield code="x">Anecdotes</subfield>
  </datafield>
  <datafield tag="942" ind1=" " ind2=" ">
    <subfield code="2">ddc</subfield>
    <subfield code="c">B</subfield>
  </datafield>
  <datafield tag="952" ind1=" " ind2=" ">
    <subfield code="0">0</subfield>
    <subfield code="7">0</subfield>
    <subfield code="b">PPAK</subfield>
    <subfield code="c">G</subfield>
    <subfield code="d">2019-09-25</subfield>
    <subfield code="o">362.196994440092 JAN</subfield>
    <subfield code="p">A01615451</subfield>
    <subfield code="r">2019-09-25 00:00:00</subfield>
    <subfield code="y">B</subfield>
  </datafield>
  <datafield tag="952" ind1=" " ind2=" ">
    <subfield code="0">0</subfield>
    <subfield code="7">0</subfield>
    <subfield code="b">SP</subfield>
    <subfield code="c">G</subfield>
    <subfield code="d">2019-09-25</subfield>
    <subfield code="o">362.196994440092 JAN</subfield>
    <subfield code="p">A01615452</subfield>
    <subfield code="r">2019-09-25 00:00:00</subfield>
    <subfield code="y">B</subfield>
  </datafield>
  <datafield tag="952" ind1=" " ind2=" ">
    <subfield code="0">0</subfield>
    <subfield code="7">0</subfield>
    <subfield code="b">KM</subfield>
    <subfield code="c">G</subfield>
    <subfield code="d">2019-09-25</subfield>
    <subfield code="o">362.196994440092 JAN</subfield>
    <subfield code="p">A01615453</subfield>
    <subfield code="r">2019-09-25 00:00:00</subfield>
    <subfield code="y">B</subfield>
  </datafield>
</record>
